Think Python / (Record no. 22305)
[ view plain ]
| 000 -LEADER | |
|---|---|
| fixed length control field | 01343cam a22002775a 4500 |
| 001 - CONTROL NUMBER | |
| control field | 19258454 |
| 005 - DATE AND TIME OF LATEST TRANSACTION | |
| control field | 20160906120040.0 |
| 008 - FIXED-LENGTH DATA ELEMENTS--GENERAL INFORMATION | |
| fixed length control field | 160901t2016 cc a fr 001 0 eng d |
| 020 ## - INTERNATIONAL STANDARD BOOK NUMBER | |
| International Standard Book Number | 9781491939369 |
| 040 ## - CATALOGING SOURCE | |
| Original cataloging agency | BTCTA |
| Language of cataloging | eng |
| Transcribing agency | BTCTA |
| Modifying agency | YDXCP |
| -- | BDX |
| -- | YEQ |
| -- | YYP |
| -- | JRZ |
| -- | OCLCF |
| -- | DLC |
| -- | EG-ScBUE |
| 082 04 - DEWEY DECIMAL CLASSIFICATION NUMBER | |
| Edition number | 22 |
| Classification number | 005.133 |
| Item number | DOW |
| 100 1# - MAIN ENTRY--PERSONAL NAME | |
| Personal name | Downey, Allen. |
| 9 (RLIN) | 41030 |
| 245 10 - TITLE STATEMENT | |
| Title | Think Python / |
| Statement of responsibility, etc | Allen B. Downey. |
| 250 ## - EDITION STATEMENT | |
| Edition statement | 2nd ed., updated for Python 3. |
| 260 ## - PUBLICATION, DISTRIBUTION, ETC. (IMPRINT) | |
| Place of publication, distribution, etc | Beijing : |
| Name of publisher, distributor, etc | O'reilly, |
| Date of publication, distribution, etc | c.2016. |
| 300 ## - PHYSICAL DESCRIPTION | |
| Extent | xx, 268 p. : |
| Other physical details | ill. ; |
| Dimensions | 24 cm. |
| 500 ## - GENERAL NOTE | |
| General note | "How to think like a computer scientist" -- Cover. |
| 500 ## - GENERAL NOTE | |
| General note | Edition statement from cover. |
| 500 ## - GENERAL NOTE | |
| General note | Index : p. 257-268. |
| 505 0# - FORMATTED CONTENTS NOTE | |
| Formatted contents note | The way of the program -- Variables, expressions and statements -- Functions -- Case Study: Interface design -- Conditionals and recursion -- Fruitful functions -- Iteration -- Strings -- Case study: Word play -- Lists -- Dictionaries -- Tuples -- Case study: Data structure selection -- Files -- Classes and objects -- Classes and functions -- Classes and methods -- Inheritance -- The goodies -- Debugging -- Analysis of algorithms. |
| 650 #7 - SUBJECT ADDED ENTRY--TOPICAL TERM | |
| Topical term or geographic name as entry element | Python (Computer program language) |
| Source of heading or term | BUEsh |
| 9 (RLIN) | 13168 |
| 650 #7 - SUBJECT ADDED ENTRY--TOPICAL TERM | |
| Topical term or geographic name as entry element | Computer |
| General subdivision | Programming Languages |
| -- | General. |
| Source of heading or term | bisacsh |
| 651 ## - SUBJECT ADDED ENTRY--GEOGRAPHIC NAME | |
| Source of heading or term | BUEsh |
| 653 ## - INDEX TERM--UNCONTROLLED | |
| Resource For college | Humanities: English |
| Arrived date list | September2016 |
| 942 ## - ADDED ENTRY ELEMENTS (KOHA) | |
| Source of classification or shelving scheme | Dewey Decimal Classification |
| Withdrawn status | Item status | Source of classification or shelving scheme | Damaged status | Not for loan | Vendor | Home library | Current library | Shelving location | Date acquired | Source of acquisition | Cost, normal purchase price | Serial Enumeration / chronology | Total Checkouts | Total Renewals | Full call number | Barcode | Date last seen | Date last borrowed | Cost, replacement price | Koha item type |
|---|---|---|---|---|---|---|---|---|---|---|---|---|---|---|---|---|---|---|---|---|
| Dewey Decimal Classification | Baccah | Central Library | Central Library | Lower Floor | 06/09/2016 | Purchase | 386.00 | 26103 | 7 | 38 | 005.133 DOW | 000033396 | 15/07/2025 | 05/11/2024 | 482.00 | Book - Borrowing |